000
00300nam a2200109 4500
999
_c
9727
_d
9727
008
180716b ||||| |||| 00| 0 eng d
245
_a
Davao City, DavSur share top taekwondo honors.
260
_a
Davao City
_b
Sun Star Davao
_c
c2016
300
_a
page 21.
650
0
_9
28903
_a
Sports.
942
_2
ddc
_c
PER